00706nam a2200229 a 450000500170000000800410001704000250005804100080008310000300009124500600012126000610018130000100024265000120025265000180026465000180028265000300030070000300033070000320036070000300039270000360042270000180045820191224041851.0151109b xxu||||| |||| 00| 0 spa d aCO-BoIAVHcCO-BoIAVH aspa aBarajas Villamizar, Leidy aMonografía de AlegríabScutellaria incarnata Venten aBogotábFundación Universitaria Juan N. Corpasc2007 a38 p. aPlantas aFitoquímica aToxicología aDistribución Geografica aHerreño Mosquera, Nancy aLópez Acero, Oscar Javier aPombo Ospina, Luis Miguel aMejía Piñeros, Antonio Luis aSalama, Ahmed